000 00310nam a22001217a 4500
082 _a671.732 BLO'P
100 _aHOGABOOM, GEORGE B,BLUM, WILLIAM
_957208
245 _aPRINCIPLES OF ELECTROPLATING AND ELECTROFORMING
250 _a3RD
260 _aNEWYORK
_bMCGRAW HILL
_c1949
300 _a455P
942 _cBK
999 _c567500
_d567500